XIX-XX. რუსული რელიგიური ფილოსოფიის კრიტიკა. (ბიბ.ჩანაწერი № 37846)
[ მარტივი ფორმატი ]
| 000 -LEADER | |
|---|---|
| fixed length control field | 00789nam a2200229Ia 4500 |
| 001 - CONTROL NUMBER | |
| control field | 3824 |
| 003 - CONTROL NUMBER IDENTIFIER | |
| control field | GE_BSU |
| 008 - FIXED-LENGTH DATA ELEMENTS--GENERAL INFORMATION | |
| fixed length control field | 181216s||||||||xx |||||||||||||| ||und|| |
| 040 ## - CATALOGING SOURCE | |
| Transcribing agency | GE_BSU |
| 080 ## - UNIVERSAL DECIMAL CLASSIFICATION NUMBER | |
| Universal Decimal Classification number | 2–1(470)(09) |
| 100 ## - MAIN ENTRY--PERSONAL NAME | |
| Personal name | ბაქრაძე, ა. |
| 245 ## - TITLE STATEMENT | |
| Title | XIX-XX. რუსული რელიგიური ფილოსოფიის კრიტიკა. |
| 245 ## - TITLE STATEMENT | |
| Remainder of title | ფილოსიის ინ–ტი. |
| 245 ## - TITLE STATEMENT | |
| Statement of responsibility, etc. | რედ. ო. ტაბიძე. |
| 260 ## - PUBLICATION, DISTRIBUTION, ETC. | |
| Place of publication, distribution, etc. | თბილისი |
| 260 ## - PUBLICATION, DISTRIBUTION, ETC. | |
| Name of publisher, distributor, etc. | მეცნიერება |
| 260 ## - PUBLICATION, DISTRIBUTION, ETC. | |
| Date of publication, distribution, etc. | 1982 |
| 300 ## - PHYSICAL DESCRIPTION | |
| Extent | 185 გვ. 21 სმ. |
| 653 ## - INDEX TERM--UNCONTROLLED | |
| Uncontrolled term | XIX-XX. რუსული რელიგიური ფილოსოფიის კრიტიკა. |
| 942 ## - ADDED ENTRY ELEMENTS (KOHA) | |
| Koha item type | წიგნი |
არაა ხელმისაწვდომი ეგზემპლარები.
